[Event "WYCC U18 Open 2019"]
[Site "Mumbai"]
[Date "2019.10.05"]
[Round "5.1"]
[White "Praggnanandhaa, R."]
[Black "Arjun, Kalyan"]
[Result "1-0"]
[WhiteElo "2567"]
[BlackElo "2483"]
[Annotator "TA"]
[PlyCount "113"]
[EventDate "2019.10.02"]
[EventType "swiss"]
[EventCountry "IND"]
[SourceTitle "playchess.com"]
[Source "ChessBase"]
[SourceQuality "1"]

{[%evp 18,113,35,7,8,2,10,0,27,24,31,21,23,27,41,24,75,56,80,52,64,0,0,0,0,0,0,0,0,-25,-22,-45,0,0,0,0,0,0,0,0,0,0,0,0,0,-8,0,0,0,0,38,29,82,84,85,87,103,103,100,99,74,52,387,204,185,168,363,366,606,550,595,602,602,405,587,539,29974,29976,29975,29976,29976,29975,29973,29975,29972,29976,29976,29977,29977,29978,29978,29979,29979,29980,29980,29981,29981,29982]} 1. e4 e5 2. Nf3 Nc6 3. Bc4 Nf6 4. d3 Bc5 5. O-O d6 6. c3 a6 7. a4 Ba7 8. Re1 O-O 9. h3 Ne7 10. Nbd2 Ng6 {C54: Giuoco Piano: 4 c3 Nf6, main lines with 5 d4 and 5 d3} 11. d4 c6 12. Ba2 $146 ({Predecessor:} 12. Bf1 Re8 13. dxe5 dxe5 14. Qc2 Nh5 15. Nc4 Nhf4 {1-0 (43) Eljanov,P (2703)-Rodshtein,M (2674) Porto Carras 2018}) 12... h6 {The position is equal.} 13. Bb1 Re8 14. Nf1 Be6 15. Ng3 Qc7 16. Be3 Kh7 (16... c5 $11) 17. Qd2 Rad8 18. Bd3 a5 19. Nf5 ({White should try} 19. Bc2 $14) 19... Bxf5 $11 20. exf5 Nf8 {Hoping for ...e4.} 21. dxe5 Bxe3 22. Qxe3 dxe5 {White must now prevent ...e4.} 23. Bc4 e4 24. Nh2 Re7 25. Ng4 N8d7 26. Rad1 Nxg4 27. hxg4 Nf6 28. Rxd8 Qxd8 29. g5 $36 {[%mdl 2048] White has some pressure.} hxg5 30. Qxg5 Kg8 31. g3 Rd7 32. Kg2 Rd1 33. Re2 Qb6 34. Qf4 Rd8 (34... Qd8 $11 {remains equal.}) 35. g4 $1 $16 Qc5 36. Ba2 {Strongly threatening g5.} Re8 37. g5 Nd5 38. Qh4 {Threatens to win with g6.} e3 39. g6 Qd6 $2 {[%mdl 8192]} (39... fxg6 $14 40. fxg6 Qd6) 40. gxf7+ (40. Qh7+ $142 Kf8 41. f6 $1 {[%mdl 576] Deflection} Qxf6 42. Bxd5 Qxg6+ 43. Qxg6 fxg6 44. Bc4) 40... Kxf7 $18 41. Rxe3 {And now Qh5+ would win.} Rxe3 $2 (41... Qh6 42. Qd4 Rxe3 43. fxe3 (43. Bxd5+ cxd5 44. Qxd5+ {[%mdl 64] Double Attack} Kf6 $14) 43... Qg5+ {[%mdl 64] Double Attack} 44. Kf2 Qxf5+ 45. Ke1 Qe6) 42. fxe3 Qf6 $2 (42... Kf8 43. Qh8+ Kf7) 43. Qf4 Ke7 44. Bxd5 cxd5 {[%mdl 4096] Endgame KQ-KQ} 45. Qc7+ {[%mdl 64] Double Attack} Ke8 (45... Kf8 {was necessary.} 46. Qc8+ (46. Qxa5 Qg5+ {[%mdl 64] Double Attack} 47. Kh1 Qh5+ 48. Kg1 Qg5+ 49. Kf2 Qxf5+ 50. Kg1 Qg4+ 51. Kh2 Qh4+ 52. Kg2 Qg4+ 53. Kh2 Qh4+ 54. Kg2 Qg4+ 55. Kf2 Qf5+ 56. Kg3 Qg5+ 57. Kh3 Qh6+ 58. Kg2 Qg6+ 59. Kh2 Qh6+ 60. Kg3 Qg6+ 61. Kh4 Qf6+ 62. Kh3 Qf5+ 63. Kh4 Qf6+ 64. Kh5 Qf5+ 65. Kh4 Qf6+ $11) 46... Kf7 47. Qxb7+ {[%mdl 64] Double Attack} Kf8 48. Qa8+ Ke7 49. Qxd5 Qg5+ 50. Kf3 Qh5+ 51. Ke4 Qg4+ 52. Ke5 Qxa4) 46. Qb8+ Qd8 {[#]} 47. Qxd8+ $1 {White mates.} Kxd8 {KP-KP} 48. Kf3 Ke7 49. Kg4 Kd7 50. Kg5 Kd6 51. f6 gxf6+ 52. Kxf6 Kc5 53. b3 {[%cal Bb2b3,Bb3b4][%mdl 32]} Kd6 54. Kf5 Kc5 55. Ke5 b6 56. Ke6 Kc6 57. b4 {Accuracy: White = 67%, Black = 43%.} 1-0

[Event "WYCC U18 Open 2019"]
[Site "Mumbai"]
[Date "2019.10.05"]
[Round "5.1"]
[White "Praggnanandhaa R"]
[Black "Arjun Kalyan"]
[Result "*"]
[WhiteElo "2567"]
[BlackElo "2483"]
[Annotator "ChessBase"]
[PlyCount "36"]
[EventDate "2019.10.02"]
[EventType "swiss"]
[EventCountry "IND"]
[SourceTitle "playchess.com"]
[Source "ChessBase"]
[SourceQuality "1"]
[TimeControl "40/5400+30:1800+30"]

1. e4 {[%emt 0:00:00]} e5 {[%emt 0:00:00]} 2. Nf3 {[%emt 0:00:00]} Nc6 {[%emt 0:00:00]} 3. Bc4 {[%emt 0:00:04]} Nf6 {[%emt 0:00:00]} 4. d3 {[%emt 0:00:05]} Bc5 {[%emt 0:00:00]} 5. O-O {[%emt 0:00:09]} d6 {[%emt 0:00:14]} 6. c3 {[%emt 0:00:06]} a6 {[%emt 0:00:23]} 7. a4 {[%emt 0:00:07]} Ba7 {[%emt 0:00:34]} 8. Re1 {[%emt 0:00:28]} O-O {[%emt 0:00:10]} 9. h3 {[%emt 0:00:16]} Ne7 {[%emt 0:00:33]} 10. Nbd2 {[%emt 0:01:48]} Ng6 {[%emt 0:00:20]} 11. d4 {[%emt 0:00:30]} c6 {[%emt 0:01:26]} 12. Ba2 {[%emt 0:01:34]} h6 {[%emt 0:10:03]} 13. Bb1 {[%emt 0:03:43]} Re8 {[%emt 0:03:13]} 14. Nf1 {[%emt 0:02:51]} Be6 {[%emt 0:09:45]} 15. Ng3 {[%emt 0:02:42]} Qc7 {[%emt 0:22:38]} 16. Be3 {[%emt 0:13:39]} Kh7 {[%emt 0:04:21]} 17. Qd2 {[%emt 0:11:34]} Rad8 {[%emt 0:01:09]} 18. Bd3 {[%emt 0:02:03]} a5 {[%emt 0:04:15]} *

[Event "WYCC U18 Open 2019"]
[Site "Mumbai"]
[Date "2019.10.05"]
[Round "5.2"]
[White "Gholami, Aryan"]
[Black "Zarubitski, Viachaslau"]
[Result "1-0"]
[WhiteElo "2554"]
[BlackElo "2435"]
[Annotator "TA"]
[PlyCount "85"]
[EventDate "2019.10.02"]
[EventType "swiss"]
[EventCountry "IND"]
[SourceTitle "playchess.com"]
[Source "ChessBase"]
[SourceQuality "1"]

{[%evp 9,86,19,15,22,15,0,11,0,0,-7,0,9,43,20,36,0,-19,-5,0,-34,0,-14,2,-11,-4,-2,237,230,230,217,274,247,227,239,299,291,292,280,337,317,398,381,374,383,385,391,388,378,371,0,0,0,399,389,389,391,368,314,314,327,357,326,628,573,655,643,5285,9639,12826,12827,12821,5647,5306,1830,12819,8688,2383,1654,1056]} 1. Nf3 d5 2. g3 Nf6 3. Bg2 c6 4. c4 dxc4 5. O-O a6 (5... g6 6. Qc2 Bg7 7. Qxc4 O-O 8. Qc2 Bf5 9. d3 Qc8 10. Nc3 Bh3 11. d4 Na6 12. Rd1 Bxg2 13. Kxg2 Nd5 {½-½ (56) Aronian,L (2765)-Caruana,F (2818) Saint Louis 2019}) 6. a4 {A11: English Opening: 1...c6} Be6 7. Qc2 Qd5 $146 ({Predecessor:} 7... Bd5 8. Nc3 Nbd7 9. Nxd5 cxd5 10. b3 cxb3 11. Qxb3 e6 12. Qxb7 Rb8 13. Qxa6 Nc5 14. Qc6+ Nfd7 15. a5 Rc8 {½-½ (15) Schild,R (2166)-Binas,J (2239) ICCF email 2015}) 8. Nc3 {The position is equal.} Qh5 9. d3 cxd3 10. Qxd3 Nbd7 11. Ng5 $1 Bb3 12. Nb5 (12. Ra3 $14 Nc5 13. Qd4) 12... axb5 $11 13. Qxb3 h6 14. Nf3 (14. Bf3 $5 {[%cal Rf3h5]} Qg6 15. Nh3 $11) 14... e5 15. Be3 b4 $1 $132 {[%mdl 2048] Black is not keeping still} 16. Rfd1 Be7 17. h3 Nd5 $2 (17... e4 $11 {and Black stays safe.} 18. Nd2 Qxe2) 18. Rxd5 $1 $18 cxd5 19. Qxd5 Rd8 20. Qxb7 O-O 21. a5 Bc5 22. g4 Qg6 {[#] ...Qc2 is the strong threat.} 23. Nxe5 $1 {[%mdl 512]} Qe6 (23... Nxe5 24. Bxc5) 24. Nc6 $1 {[%cal Rc6d8][%mdl 64] Double Attack} Bxe3 25. Nxd8 (25. fxe3 Qxe3+ 26. Kh1 Nc5 $11) 25... Rxd8 26. fxe3 Nc5 27. Qxb4 Qxe3+ 28. Kh1 Rd2 29. Re1 $2 (29. Qc4 $18) 29... Nd3 $1 $11 {[%cal Rd3b4]} 30. Qc3 {[%mdl 64] Hoping for a6. Pin} Qg3 $2 {[%mdl 8192]} (30... g6 $11 {and Black has nothing to worry.}) 31. Qc8+ $1 $18 ({Inferior is} 31. Qxd2 Nf2+ 32. Kg1 Nxh3+ 33. Kh1 Nf2+ 34. Kg1 Nh3+ 35. Kh1 Nf2+ 36. Kg1 Nh3+ $11) 31... Kh7 32. Qf5+ {[%mdl 64] Double Attack} Kh8 {[#]} 33. Rf1 $1 {Threatening mate with Qc8+.} Rxe2 {[%csl Ge2][%cal Rg3g2] [#]} 34. Qf3 $1 {[%cal Rf3g3]} Qxf3 ({But not} 34... Nf2+ 35. Rxf2 Qxf2 36. Qxf2 $18) 35. Rxf3 ({Don't take} 35. Bxf3 Rxb2 36. Ra1 Nc5 $18) 35... Nxb2 $2 {[%mdl 4096] Endgame KRB-KRN} (35... Re1+ 36. Kh2 Nxb2 37. Rxf7 Ra1 38. Rf8+ Kh7) 36. a6 {[%cal Ba5a6,Ba6a7][%mdl 32] White is clearly winning.} Re1+ 37. Rf1 Rxf1+ 38. Bxf1 {KB-KN} Na4 39. a7 Nb6 40. Kg2 Kg8 41. Kf3 Kf8 42. Ke4 Ke7 {[#]} 43. Ke5 {Played: Bf1-c4} 1-0

[Event "WYCC U18 Open 2019"]
[Site "Mumbai"]
[Date "2019.10.05"]
[Round "5.4"]
[White "Sargsyan, Shant"]
[Black "Raghunandan, Kaumandur Srihari"]
[Result "1/2-1/2"]
[WhiteElo "2580"]
[BlackElo "2449"]
[Annotator "TA"]
[PlyCount "123"]
[EventDate "2019.10.02"]
[EventType "swiss"]
[EventCountry "IND"]
[SourceTitle "playchess.com"]
[Source "ChessBase"]
[SourceQuality "1"]

{[%evp 13,123,18,17,26,9,8,3,0,0,0,0,0,0,0,0,-12,0,0,0,-18,-6,-8,-8,-8,-6,-8,-18,-101,-101,-93,-85,-108,-103,-179,-165,-160,-170,-169,-175,-158,-167,-199,-179,-198,-189,-270,-247,-243,-178,-203,-197,-188,-184,-187,-189,-194,-175,-230,-208,-216,-205,-208,-196,-222,-231,-222,-222,-248,-248,-264,-238,-251,-231,-231,-228,-230,-193,-195,-198,-193,-202,-186,-194,-209,-204,-216,-213,-251,-250,-255,-239,-305,-326,-316,-296,-339,-309,-354,-339,-323,-306,-379,-315,-310,106,-429,183,-401,-379,-419,-265,-277]} 1. d4 Nf6 2. c4 e6 3. Nf3 d5 4. Nc3 c6 5. Bg5 h6 6. Bxf6 Qxf6 7. e3 g6 8. Be2 {D43: Semi-Slav: 5 Bg5 h6} (8. Ne5 Bg7 9. f4 Nd7 10. h4 Qe7 11. Qc2 O-O 12. O-O-O Nxe5 13. fxe5 Bd7 14. g4 f6 15. Qxg6 fxe5 {½-½ (29) Mamedyarov,S (2764)-Giri,A (2779) Saint Louis 2019}) 8... Nd7 9. O-O Qe7 10. cxd5 $146 {The position is equal.} ({Predecessor:} 10. Rb1 Bg7 11. cxd5 exd5 12. b4 b5 13. a4 a6 14. a5 O-O 15. Na2 Nf6 16. Ne5 {0-1 (53) Sadzikowski,D (2523)-Firouzja,A (2669) Reykjavik 2019}) 10... exd5 11. Rb1 a5 12. Rc1 Bg7 13. Na4 O-O 14. Qb3 Qb4 15. Qc2 Re8 16. Ne1 Nf6 17. Nd3 Qd6 18. Nb6 Rb8 19. Qc5 Qd8 {Hoping for ...Bf8.} 20. Ne5 ({But not} 20. Qxa5 $2 Nd7 $19) (20. Nxc8 $11 Rxc8 21. Qc2) 20... Bf5 $1 $17 21. Qxa5 {[#]} Rxe5 $1 {[%mdl 576] Remove Defender} 22. dxe5 Nd7 {[%mdl 64] Discovered Attack} 23. g4 {[#]} (23. Nc4 $17 dxc4 24. Qxd8+ Rxd8 25. f4) 23... Be6 $1 $19 24. Nc4 dxc4 25. Qxd8+ Rxd8 26. f4 Nb6 27. Rcd1 Ra8 28. e4 Re8 ({Inferior is} 28... Rxa2 29. Rd8+ Kh7 30. f5 $11) 29. Rd2 (29. h4 {keeps fighting.}) 29... Bc8 30. a4 g5 31. a5 Nd7 32. Bxc4 gxf4 33. e6 fxe6 34. Rxf4 Ne5 35. Bb3 (35. b3 {was called for.}) 35... Bf8 36. Rf5 Nf7 37. Rh5 Ng5 {White must now prevent ...Nf3+.} 38. Kg2 Nxe4 39. Re2 Nf6 40. Rhe5 {[%cal Rb3e6] [#]} Kf7 $1 ({Not} 40... Nxg4 41. Rxe6 Rxe6 42. a6 $15) 41. g5 hxg5 42. Rxg5 Nd5 43. Rf2+ Ke7 44. Rg8 Bh6 45. Rxe8+ Kxe8 46. Kf3 Ke7 47. Rg2 Bd7 48. Bc2 Nf6 49. Bd3 e5 50. Rg6 Bd2 51. a6 bxa6 52. Bxa6 e4+ 53. Ke2 Bf4 54. Rg7+ Kd6 55. h4 Bg4+ 56. Kf1 Bh3+ 57. Kg1 Be3+ 58. Kh2 Bd4 $2 (58... Be6 $19 {Threatens to win with ...Bf2.} 59. Kg2 Bd4) 59. b3 $2 {[%mdl 8192]} (59. Kxh3 $16 {Strongly threatening b3.} Bxb2 60. Rg5) 59... Ke5 $4 {[%mdl 8192]} (59... Be6 $19 {and life is good for Black.} 60. Kg2 Bxb3) 60. Be2 $4 {[%mdl 8192]} (60. Kxh3 $18 {aiming for h5!} Kf4 61. Bb7) 60... Bf5 61. h5 Bc3 62. h6 {[%mdl 32768] Accuracy: White = 42%, Black = 71%. . An unexpected result.} 1/2-1/2

[Event "WYCC U18 Open 2019"]
[Site "Mumbai"]
[Date "2019.10.05"]
[Round "5.5"]
[White "Mitrabha, Guha"]
[Black "Gazik, Viktor"]
[Result "1/2-1/2"]
[WhiteElo "2434"]
[BlackElo "2546"]
[Annotator "TA"]
[PlyCount "88"]
[EventDate "2019.10.02"]
[EventType "swiss"]
[EventCountry "IND"]
[SourceTitle "playchess.com"]
[Source "ChessBase"]
[SourceQuality "1"]

{[%evp 9,88,14,22,17,14,21,10,21,9,18,34,16,37,4,-2,5,27,27,36,15,36,15,71,67,91,45,39,25,20,27,23,22,40,-43,-54,-32,-29,-31,-39,-67,-1,0,0,0,0,0,0,0,-4,-4,-2,-8,-21,-6,-7,-8,0,0,0,0,0,-8,0,-46,0,0,0,0,0,0,0,0,0,0,0,0,29,8,29,29,29]} 1. Nf3 Nf6 2. d4 g6 3. Nbd2 Bg7 4. e4 d6 5. Bb5+ (5. c3 O-O 6. a4 c5 7. dxc5 dxc5 8. Be2 Nc6 9. O-O Qc7 10. Qc2 b6 11. Nc4 Bb7 12. Bg5 Rad8 13. Rfd1 h6 14. Bh4 Nh5 15. Ne3 g5 16. Nd5 Qc8 17. Bg3 Nxg3 18. hxg3 e6 19. Ne3 Ne7 20. Rxd8 Rxd8 {1-0 (37) Nabaty,T (2658)-Sethuraman,S (2624) Khanty-Mansiysk 2019}) 5... c6 6. Bd3 {B07: Pirc Defence: Miscellaneous Systems} O-O 7. O-O Qc7 8. Re1 {The position is equal.} e5 9. c3 b6 10. a4 Re8 11. Nf1 Nbd7 12. Ng3 a6 $146 ({Predecessor:} 12... Bb7) 13. Bg5 Nf8 14. Qd2 Bg4 15. Nh4 b5 (15... Ne6 $11) 16. Bh6 $16 Qe7 17. axb5 axb5 18. Rxa8 Rxa8 19. Bxg7 Kxg7 20. h3 Bd7 21. Nhf5+ ({White should play} 21. Qg5 $14 Kg8 22. dxe5 Qxe5 23. Qxe5 dxe5 24. Nf3) 21... gxf5 $15 22. Qg5+ Ng6 $1 {Threatens to win with ...exd4.} 23. Nxf5+ Bxf5 24. exf5 {[%mdl 64] [#] Pin} h6 (24... Nd7 $15 25. Qg4 {[%mdl 64] Pin} Ra2) 25. Qg3 $11 {[%mdl 64] Pin} Nh5 26. Qg4 {[%mdl 64] Pin} Nf6 27. Qg3 {[%mdl 64] Pin} Nh5 28. Qg4 {[%mdl 64] Pin} Nhf4 29. Bb1 h5 30. Qf3 Nh4 $1 {[%csl LRf3,LRg2] [#]} 31. Qxf4 $1 {[%mdl 512]} exf4 32. Rxe7 {[%mdl 4096] Endgame KRB-KRN} Ra1 33. Re1 Kf6 34. Kf1 d5 35. Rd1 Nxf5 36. Bc2 Rxd1+ (36... Ra2 {seems wilder.} 37. Rb1 Nd6 38. Bb3 Ra8 39. Rd1 h4) 37. Bxd1 $15 {KB-KN} Kg5 38. Ke2 Nh4 39. Kf1 Nf5 40. Ke2 Nd6 41. Bb3 Ne4 42. Bc2 f5 43. Bd3 h4 44. f3 Nd6 {Accuracy: White = 67%, Black = 42%.} 1/2-1/2

[Event "WYCC U18 Open 2019"]
[Site "Mumbai"]
[Date "2019.10.05"]
[Round "5.6"]
[White "Kozak, Antoni"]
[Black "Gumularz, Szymon"]
[Result "1/2-1/2"]
[WhiteElo "2354"]
[BlackElo "2505"]
[Annotator "TA"]
[PlyCount "96"]
[EventDate "2019.10.02"]
[EventType "swiss"]
[EventCountry "IND"]
[SourceTitle "playchess.com"]
[Source "ChessBase"]
[SourceQuality "1"]

{[%evp 16,96,9,-2,0,1,8,0,13,8,11,-12,12,-11,-9,-13,-7,-10,0,0,1,0,0,0,7,0,8,0,0,0,3,0,0,0,0,0,0,-10,-10,-10,-10,-10,-10,-10,-10,-10,0,0,0,0,0,-10,0,0,0,-10,0,0,0,0,0,-11,0,-8,-9,-10,-9,-78,-78,-236,-16,-19,-17,-17,0,0,0,0,0,0,0,0,0]} 1. Nf3 Nf6 2. g3 b6 3. Bg2 Bb7 4. O-O c5 5. d3 g6 6. e4 d6 7. Re1 Bg7 8. c3 O-O 9. Nbd2 Nbd7 {A05: Réti Opening: 1 Nf3 Nf6} (9... Nc6 10. a3 Nd7 11. Nb3 b5 12. d4 a5 13. Be3 a4 14. Nbd2 Qb6 15. d5 Nce5 16. Nxe5 Nxe5 17. Qe2 {0-1 (42) Anton Guijarro,D (2666)-Carlsen,M (2837) Riadh 2017}) 10. a4 a6 11. b3 $146 ({Predecessor:} 11. Qb3 Qc7 12. Nc4 Rab8 13. e5 dxe5 14. Ncxe5 Nxe5 15. Nxe5 Bxg2 16. Kxg2 e6 17. Kg1 {0-1 (27) Lubashov,A (2411)-Zontakh,A (2531) bereg.ru Int 2003}) 11... b5 12. Bb2 Qc7 13. Qc2 Nb6 14. axb5 axb5 15. c4 bxc4 16. bxc4 Nfd7 17. Bxg7 Kxg7 18. Nf1 Rxa1 19. Rxa1 Ra8 20. Qb2+ e5 21. Rxa8 Bxa8 22. Ne3 Bc6 23. Nd5 Bxd5 24. exd5 Qa7 25. Ng5 Nf6 26. h3 h6 27. Ne4 Nxe4 28. Bxe4 Qa5 29. Kg2 Qb4 30. Qc2 Na4 31. h4 h5 32. Bf3 Qa3 33. Bd1 Nb2 34. Be2 Na4 35. Bd1 Nc3 36. Bf3 Na2 37. Qd2 Nb4 38. Be4 f6 39. Kf1 Qa1+ (39... Qb3 {is more complex.} 40. Kg2 Qc2 41. Qe1 Qa2 42. Qc1 Nc2) 40. Kg2 $1 Qa2 41. Qxa2 (41. Qc1 $11 {remains equal.}) 41... Nxa2 $11 {[%mdl 4096] Endgame KB-KN} 42. Kf1 $2 {[#]} (42. f4 $17 {was necessary.}) 42... Nc1 $2 (42... f5 $1 $19 43. Bf3 Nc1) 43. Ke1 {The position is equal.} f5 44. Kd1 fxe4 45. Kxc1 exd3 46. f3 $1 {[#]} g5 $1 {[%mdl 512]} 47. Kd2 (47. hxg5 Kg6) 47... gxh4 48. gxh4 Kf6 {Accuracy: White = 48%, Black = 52%.} 1/2-1/2

[Event "WYCC U18 Open 2019"]
[Site "Mumbai"]
[Date "2019.10.05"]
[Round "5.7"]
[White "Garidmagnai, Byambasuren"]
[Black "Buckels, Valentin"]
[Result "0-1"]
[WhiteElo "2327"]
[BlackElo "2442"]
[Annotator "TA"]
[PlyCount "54"]
[EventDate "2019.10.02"]
[EventType "swiss"]
[EventCountry "IND"]
[SourceTitle "playchess.com"]
[Source "ChessBase"]
[SourceQuality "1"]

{[%evp 12,54,16,18,16,24,26,17,28,11,3,-5,30,18,14,18,18,12,21,17,37,26,39,17,45,29,29,16,18,-27,-40,-35,0,-62,-54,-54,-45,-24,-44,-51,-23,-1006,-1020,-902,-672]} 1. Nf3 Nf6 2. c4 e6 3. Nc3 Bb4 4. Qc2 d6 5. g3 O-O 6. Bg2 e5 7. O-O Re8 {A22: English Opening: 1...e5 2 Nc3 Nf6} 8. a3 Bxc3 9. Qxc3 c5 {The position is equal.} 10. e3 Nc6 11. d3 h6 12. Nd2 $146 ({Predecessor:} 12. b3 Bf5 13. Bb2 Qd7 14. Rfe1 a5 15. Nd2 {½-½ (90) Rustemov,A (2544)-Navara,D (2722) Germany 2013}) 12... Be6 13. b4 Qd7 14. Re1 Bh3 15. Bh1 Rac8 16. Bb2 b6 17. b5 Ne7 {[%cal Bc6e7,Be7g6,Bg6e5,Be5f3][%mdl 32]} 18. a4 d5 19. a5 d4 20. exd4 (20. Qc2 {feels hotter.} Ng4 21. e4 Rf8 22. Bc1 Ng6 23. axb6 axb6 24. Ra6) 20... exd4 21. Qc2 Ng6 (21... Ng4 {looks sharper.} 22. Be4 Ng6 23. Qd1 N6e5 24. f4 Ne3) 22. axb6 (22. Rxe8+ $11 Nxe8 23. axb6 axb6 24. Qd1) 22... axb6 $15 23. Rxe8+ Qxe8 24. Ne4 $1 {[%cal Re4d6]} Nxe4 25. Bxe4 Ne5 26. Bc1 $2 {[%mdl 8192] [#]} (26. f3 $11) 26... Nf3+ $1 $19 {[%mdl 512]} 27. Kh1 {[#]} (27. Bxf3 Qe1#) 27... Bg2+ $1 {[%mdl 576] Decoy. Accuracy: White = 44%, Black = 63%.} 0-1

[Event "WYCC U18 Open 2019"]
[Site "Mumbai"]
[Date "2019.10.05"]
[Round "5.9"]
[White "Pultinevicius, Paulius"]
[Black "Sydoryka, Vladyslav"]
[Result "1/2-1/2"]
[WhiteElo "2503"]
[BlackElo "2247"]
[Annotator "TA"]
[PlyCount "71"]
[EventDate "2019.10.02"]
[EventType "swiss"]
[EventCountry "IND"]
[SourceTitle "playchess.com"]
[Source "ChessBase"]
[SourceQuality "1"]

{[%evp 19,71,9,11,-10,-8,-70,-30,-43,17,19,137,134,141,123,106,97,87,70,140,79,100,30,34,33,30,-89,-113,-94,-90,-119,-82,-146,-119,-139,-56,-56,-51,-45,-42,-91,0,-121,220,-139,-24,-43,0,0,0,0,29986,-1039,67,-789]} 1. Nf3 Nf6 2. c4 c5 3. Nc3 Nc6 4. d4 cxd4 5. Nxd4 e6 6. Ndb5 d6 7. Bf4 e5 8. Bg5 a6 9. Bxf6 gxf6 10. Na3 f5 11. g3 {A33: Symmetrical English: 2 Nf3 Nf6 3 d4 cxd4 4 Nxd4 e6 5 Nc3 Nc6} Be6 12. Bh3 $146 ({White should play} 12. Bg2 $11) ({Predecessor:} 12. Bg2 e4 13. O-O h5 14. h4 Rc8 15. Nd5 Bg7 16. Rb1 Ne7 17. Nf4 Ng6 18. Nd5 Ne7 {0-1 (46) Kvetny,M (2379)-Istratescu,A (2599) Graz 2017}) 12... Rc8 13. e4 {Black has an edge.} Nd4 (13... fxe4 $1 $15 14. Bxe6 fxe6) 14. exf5 $11 Bxc4 (14... Nxf5 $11 15. Bxf5 Bxf5) 15. Nxc4 $16 Rxc4 16. O-O Bg7 17. Qh5 O-O 18. Bg2 b5 {[#]} (18... Qf6 $1 $14) 19. Rae1 (19. Be4 $142 $1 {f6! is the strong threat.} h6 20. Nd5) 19... Kh8 20. Re4 (20. Nd5 $16 {Strongly threatening b3.} f6 21. Be4) 20... Qf6 $1 $11 21. Rh4 {[%csl Gh4][%cal Rh5h7]} Qxf5 22. Qd1 (22. Qxf5 $11 {remains equal.} Nxf5 23. Rxc4 bxc4 24. Bd5) 22... Qg6 $17 23. Nd5 f5 24. Re1 Qf7 25. a3 (25. Ne3 $142) 25... Rfc8 26. Kh1 {intending Nb6.} Nc2 ({Better is} 26... R4c5 $17 27. Nb6 Rf8) 27. Rxc4 $15 Rxc4 28. Rf1 Nd4 29. Qd2 h6 (29... e4 $17 30. Ne3 Rc8) 30. b4 (30. Qa5 $11) 30... Rc7 $2 {[%mdl 8192]} (30... Rc6 $17 {and life is bright.} 31. Qe3 Rc2) 31. Ne3 $2 (31. Nxc7 $18 Qxc7 32. Bd5) 31... e4 ({Black should try} 31... f4 $17 {And now ...Qh5 would win.} 32. Qd1 d5 33. Nxd5 Rd7 34. gxf4 exf4) 32. Rc1 $11 Rxc1+ 33. Qxc1 f4 34. Qc8+ Kh7 $2 {[%mdl 8192]} (34... Qg8 $11 35. Qxg8+ Kxg8 36. gxf4 Nf3) 35. Bh3 $4 {[%mdl 8192]} (35. Bxe4+ {is the narrow road to win.} Qg6 36. Bxg6+ Kxg6 37. gxf4 h5 38. f5+ Kg5 39. Qd8+ Bf6 {[#]} 40. h4+ $1 {[%mdl 512]} Kf4 41. Qxf6) 35... f3 $2 (35... fxe3 $19 36. Bg2 d5 37. fxe3 Qf2) 36. Bf5+ $2 {[%mdl 40960] Accuracy: White = 29%, Black = 29%. . An unexpected result.} (36. Qa8 $14) 1/2-1/2

[Event "WYCC U18 Open 2019"]
[Site "Mumbai"]
[Date "2019.10.05"]
[Round "5.10"]
[White "Rahul, Srivatshav P"]
[Black "Chylewski, Patryk"]
[Result "0-1"]
[WhiteElo "2460"]
[BlackElo "2348"]
[Annotator "TA"]
[PlyCount "72"]
[EventDate "2019.10.02"]
[EventType "swiss"]
[EventCountry "IND"]
[SourceTitle "playchess.com"]
[Source "ChessBase"]
[SourceQuality "1"]

{[%evp 12,72,0,0,0,0,14,0,13,-13,-15,-35,-12,-57,-58,-66,-33,-71,-55,-60,-59,-76,-63,-85,-83,-79,-85,-72,-77,-89,-110,-86,-81,-117,-36,-29,-43,-43,-65,-57,-50,-48,-48,-27,-10,-72,-41,-201,-183,-466,-477,-998,-996,-1057,-1058,-1418,-1219,-1132,-894,-29994,-29995,-29995,-29996]} 1. d4 Nf6 2. c4 e6 3. g3 d5 4. Nf3 Bb4+ 5. Bd2 Be7 6. Bg2 c6 7. Qc2 b6 {E11: Bogo-Indian} 8. O-O Bb7 9. Nc3 (9. Rd1 Nbd7 10. Bf4 Rc8 11. Nc3 dxc4 12. Nd2 Nd5 13. Nxc4 Nxf4 14. gxf4 O-O 15. Rac1 {½-½ (23) Kuzubov,Y (2647)-Vitiugov,N (2730) Linares 2018}) 9... dxc4 $146 {The position is equal.} ({Predecessor:} 9... O-O 10. e4 dxc4 11. e5 Nd5 12. Ne4 h6 13. Rfd1 b5 14. b3 cxb3 15. axb3 Nd7 {1-0 (49) Parligras,M (2605)-Pogorelov,R (2355) Sevilla 2017}) 10. e4 Nbd7 11. Rfd1 O-O 12. Bf4 b5 13. h3 Nb6 14. Ne2 Nfd7 15. h4 h6 16. Nh2 c5 17. Ng4 h5 18. Ne5 Nxe5 19. Bxe5 Nd7 20. a4 a6 21. dxc5 Bxc5 22. axb5 axb5 ({Black should try} 22... Qe7 $1 $17 23. Bf4 axb5 24. Rxa8 Rxa8) 23. Rxa8 $15 Bxa8 24. Qd2 Bc6 25. Bd6 Qb6 26. Bxf8 Bxf2+ 27. Kh2 {Hoping for Bxg7!} Nxf8 28. Nf4 (28. Nd4 $11 {keeps the balance.} Qxd4 29. Qxd4 Bxd4 30. Rxd4) 28... g6 29. Qd6 $2 {[#]} ({White should play} 29. e5 $15 Bxg2 30. Nxg2) 29... b4 $1 $19 30. Qe7 $2 (30. Nh3 {was called for.} Bc5 31. Qd2) 30... Qe3 $1 {[%csl LRe4,LRg3]} 31. Ne2 (31. Kh1 $142 Bxe4 32. Qxb4 Qxg3 33. Bxe4 Qxf4 34. Qxc4 Qxh4+ 35. Kg2) 31... Nd7 (31... Qxe2 {[#]} 32. Rd8 $1 $16 {[%mdl 512]}) 32. Rd6 Qxe2 ({Stronger than} 32... Ne5 33. Rd8+ Kg7 34. Qf8+ Kf6 35. Qh8+ Ke7 36. Rc8 $16) 33. Rxc6 Ne5 {( -> ...Bxg3+!)} 34. Rc8+ Kh7 35. Qg5 Ng4+ 36. Kh3 Bg1 {Accuracy: White = 23%, Black = 63%.} 0-1